000 00221 a2200097 4500
001 11177
100 _aO, Malley, L, S. S.
245 _aModern Indis and the West
260 _a
_bOxford University
_c
090 _c8731
_d8731
942 _aNUST-CAE
_c
_c35524
999 _c246250
_d246250